Music Quiz

Random Music or Artist Quiz

Songs by Guitar Solo Quiz Stats

Quiz Updated Feb 6, 2017

Challenge
Share
Tweet
Score 0/36 Timer 12:00
0 Plays Today
Time Song % Correct
1:30 - 1:39Hotel California
84.3%
1:10 - 1:19Beat It
78.5%
0:20 - 0:29Stairway to Heaven
77%
5:30 - 5:39Bohemian Rhapsody
71.2%
4:50 - 4:59Smells Like Teen Spirit
70.6%
3:40 - 3:49Freebird
67.8%
2:30 - 2:39Walk This Way
67.5%
0:40 - 0:49Layla
60.8%
0:30 - 0:39Sultans of Swing
59.7%
2:40 - 2:49All Along the Watchtower
58.9%
1:50 - 1:59Sympathy for the Devil
58.4%
3:10 - 3:19You Shook Me All Night Long
54.9%
2:50 - 2:59November Rain
52.7%
1:00 - 1:09Comfortably Numb
52.1%
0:00 - 0:09Eruption
51.7%
5:10 - 5:19Light My Fire
48.5%
3:50 - 3:59You Really Got Me
46.5%
2:10 - 2:19Crazy Train
44.3%
Time Song % Correct
3:20 - 3:29Sharp Dressed Man
42.3%
4:10 - 4:19While My Guitar Gently Weeps
42%
4:20 - 4:29One
39.8%
5:00 - 5:09Reelin' in the Years
30.5%
5:50 - 6:00Jessica
30%
1:20 - 1:29Alive
29.4%
5:20 - 5:29Cliffs of Dover
28.8%
2:00 - 2:09Crossroads
25.6%
2:20 - 2:29Won't Get Fooled Again
23.1%
4:00 - 4:09Highway Star
19.6%
3:30 - 3:39Texas Flood
18.6%
4:40 - 4:49War Pigs/Luke's Wall
15.3%
4:30 - 4:39Aqualung
13.5%
1:40 - 1:49Working Man
7.4%
5:40 - 5:49Cortez the Killer
7.3%
0:10 - 0:19Europa
6.4%
0:50 - 0:59Moonage Daydream
4.1%
3:00 - 3:09Shock Me
2.8%

You're not logged in!

Compare scores with friends on all Sporcle quizzes.
Join for Free
OR
Log In

You Might Also Like...

Show Comments

Extras

Top Quizzes Today


Score Distribution

Your Account Isn't Verified!

In order to create a playlist on Sporcle, you need to verify the email address you used during registration. Go to your Sporcle Settings to finish the process.

Report this User

Report this user for behavior that violates our Community Guidelines.

Details: